Don Melchor Ocampo / (Record no. 28084)

MARC details
000 -LEADER
fixed length control field 00781nam a22001697a 4500
005 - DATE AND TIME OF LATEST TRANSACTION
control field 20150124123027.0
008 - FIXED-LENGTH DATA ELEMENTS--GENERAL INFORMATION
fixed length control field 120113t mx||||| |||| 00| 0 spa d
050 04 - LIBRARY OF CONGRESS CALL NUMBER
Classification number F1306 .865 .O23
Item number M35 1964
245 00 - TITLE STATEMENT
Title Don Melchor Ocampo /
Statement of responsibility, etc Gobierno del Estado de Michoacán.
250 ## - EDITION STATEMENT
Edition statement 1a ed.
260 ## - PUBLICATION, DISTRIBUTION, ETC. (IMPRINT)
Place of publication, distribution, etc Morelia, Michoacán de Ocampo, México :
Name of publisher, distributor, etc Departamento de Coordinación de Actividades Educativas y Culturales del Gobierno de Michoacán,
Date of publication, distribution, etc 1964
300 ## - PHYSICAL DESCRIPTION
Extent 126 p. ;
Dimensions 22 cm.
504 ## - BIBLIOGRAPHY, ETC. NOTE
Bibliography, etc Incluye índice
600 17 - SUBJECT ADDED ENTRY--PERSONAL NAME
Source of heading or term LEMB
Personal name Ocampo, Melchor,
Titles and other words associated with a name [Don],
Dates associated with a name [1814-1861],
Fuller form of name [José Telésforo Juan Nepomuceno Melchor de la Santísima Trinidad],
Form subdivision Biografía
651 #7 - SUBJECT ADDED ENTRY--GEOGRAPHIC NAME
Source of heading or term LEMB
Geographic name Michoacán de Ocampo
Geographic subdivision México
General subdivision Historia
-- Federalismo y Centralismo,1821-1861
Form subdivision Biografías
942 ## - ADDED ENTRY ELEMENTS (KOHA)
Source of classification or shelving scheme Biblioteca del Cogreso de los Estados Unidos
Koha item type Libro
Holdings
Estado de pérdida Fuente de clasificación Estado del daño No para préstamo Ubicación permanente Ubicación actual Apartado o colección Fecha de adquisición Edición Dependencia de educación superior (DES) Área del conocimiento Clasificación Código de Barras Date last seen Número de copia Costo por reposición Tipo de recurso Nota pública
  Biblioteca del Cogreso de los Estados Unidos     Biblioteca del Instituto de Investigaciones Históricas Biblioteca del Instituto de Investigaciones Históricas Fondo Michoacán 13/01/2012 1 Humanidades Ciencias Sociales y Administrativas F1306 .865 .O23 M35 1964 IIH000005555 13/01/2012 C:1 1.00 Libro MICHOACÁN
  Biblioteca del Cogreso de los Estados Unidos     Biblioteca del Instituto de Investigaciones Históricas Biblioteca del Instituto de Investigaciones Históricas Fondo Michoacán 13/01/2012 1 Humanidades Ciencias Sociales y Administrativas F1306 .865 .O23 M35 1964 IIH000005556 13/01/2012 C:2 1.00 Libro MICHOACÁN